000 00992npm a22002535i 4500
001 5269
003 ES-MaACL
005 20240211063454.0
007 hzrazu bucu
008 900427r19901846sp a 00010 spa d
080 _a015(46)(05)(464.1)
080 _a05(46)
100 _aHidalgo, Dionisio,
_d1809-1866
_9222396
245 1 0 _aBoletín bibliográfico español y estrangero
_b: [Microforma] : comprende... todas las obras, folletos y periodicos que salen a luz en España... /
_cpor Dionisio Hidalgo.
260 _aMadrid :
_bAteneo Cientifico, Literario y Artistico,
_c1990.
300 _a1 carrete de microfilme :
_bnegativo ;
_c16 mm.
500 _aPublicado originalmente: Madrid, Impr. de J. Gonzalez y Compañia, 1846, periodicidad quincenal.
505 8 _a1845 (n. 1 a 24)
650 1 4 _aObras de 1800.
_915662
852 _aES-MaACL
_jMC-387
_95386
_cDEPO1
942 _2udc
_cMONOGRAFIA
999 _c5269
_d5269